<?xml version="1.0" encoding="UTF-8"?><record xmlns="http://www.loc.gov/MARC21/slim" xmlns:zs="http://docs.oasis-open.org/ns/search-ws/sruResponse">
  <leader>01727cam a2200385   4500</leader>
  <controlfield tag="001">9174316</controlfield>
  <controlfield tag="005">20260112193837.4</controlfield>
  <controlfield tag="007">cr |||||||||||</controlfield>
  <controlfield tag="008">810916s1914    cauacf        000 0 eng  </controlfield>
  <datafield ind1=" " ind2=" " tag="035">
    <subfield code="a">9174316</subfield>
  </datafield>
  <datafield ind1=" " ind2=" " tag="906">
    <subfield code="a">0</subfield>
    <subfield code="b">cbc</subfield>
    <subfield code="c">premver</subfield>
    <subfield code="d">u</subfield>
    <subfield code="e">ncip</subfield>
    <subfield code="f">19</subfield>
    <subfield code="g">y-gencatlg</subfield>
  </datafield>
  <datafield ind1=" " ind2=" " tag="010">
    <subfield code="a">   14022680 </subfield>
  </datafield>
  <datafield ind1=" " ind2=" " tag="035">
    <subfield code="9">(DLC)   14022680</subfield>
  </datafield>
  <datafield ind1=" " ind2=" " tag="040">
    <subfield code="a">DLC</subfield>
    <subfield code="c">CarP</subfield>
    <subfield code="d">DLC</subfield>
  </datafield>
  <datafield ind1=" " ind2=" " tag="043">
    <subfield code="a">n-mx---</subfield>
  </datafield>
  <datafield ind1="0" ind2="0" tag="050">
    <subfield code="a">TX725</subfield>
    <subfield code="b">.G5</subfield>
  </datafield>
  <datafield ind1=" " ind2=" " tag="051">
    <subfield code="a">TX725</subfield>
    <subfield code="b">.G5 Copy 2</subfield>
    <subfield code="c">Another copy. Bookplate of Katherine Golden Bitting. Gift of A.W. Bitting, presented in memory of Katherine Golden Bitting, Oct. 6, 1939.</subfield>
  </datafield>
  <datafield ind1=" " ind2=" " tag="051">
    <subfield code="a">TX725</subfield>
    <subfield code="b">.G5 Copy 3</subfield>
    <subfield code="c">Another Copy. Bookplate of Katherine Golden Bitting. Gift of A.W. Bitting, presented in memory of Katherine Golden Bitting, Oct. 6, 1939.</subfield>
  </datafield>
  <datafield ind1="1" ind2=" " tag="100">
    <subfield code="a">Ginger, Bertha Haffner Palmer,</subfield>
    <subfield code="d">1868-</subfield>
  </datafield>
  <datafield ind1="1" ind2="0" tag="245">
    <subfield code="a">California Mexican-Spanish cook book;</subfield>
    <subfield code="b">selected Mexican and Spanish recipes,</subfield>
    <subfield code="c">by Bertha Haffner-Ginger.</subfield>
  </datafield>
  <datafield ind1=" " ind2=" " tag="260">
    <subfield code="a">[Los Angeles,</subfield>
    <subfield code="b">Citizen print shop,</subfield>
    <subfield code="c">c1914]</subfield>
  </datafield>
  <datafield ind1=" " ind2=" " tag="300">
    <subfield code="a">9 p.l., [25]-111, [11] p. incl. illus., plates, port.</subfield>
    <subfield code="c">21 cm.</subfield>
  </datafield>
  <datafield ind1=" " ind2=" " tag="500">
    <subfield code="a">Not in Bitting, K.G.  Gastronomic bib.</subfield>
  </datafield>
  <datafield ind1=" " ind2=" " tag="530">
    <subfield code="a">Also available in digital form.</subfield>
  </datafield>
  <datafield ind1=" " ind2="0" tag="650">
    <subfield code="a">Cooking, Mexican.</subfield>
  </datafield>
  <datafield ind1="2" ind2=" " tag="710">
    <subfield code="a">Katherine Golden Bitting Collection on Gastronomy (Library of Congress)</subfield>
    <subfield code="5">DLC</subfield>
  </datafield>
  <datafield ind1="4" ind2="1" tag="856">
    <subfield code="u">http://hdl.loc.gov/loc.gdc/scd0001.00145159179</subfield>
  </datafield>
  <datafield ind1=" " ind2=" " tag="952">
    <subfield code="a">LAC scc 2019-03-26 no edits (1 card)</subfield>
  </datafield>
  <datafield ind1=" " ind2=" " tag="984">
    <subfield code="a">rsl</subfield>
    <subfield code="d">2019-03-26</subfield>
  </datafield>
  <datafield ind1=" " ind2=" " tag="985">
    <subfield code="a">rblacfederal</subfield>
    <subfield code="d">20190326</subfield>
  </datafield>
  <datafield ind1=" " ind2=" " tag="985">
    <subfield code="a">rarebk/bitting</subfield>
    <subfield code="e">rbc</subfield>
    <subfield code="f">qr05 06-23-92</subfield>
    <subfield code="g">enh</subfield>
  </datafield>
  <datafield ind1=" " ind2=" " tag="985">
    <subfield code="a">massdig</subfield>
    <subfield code="e">sloan</subfield>
  </datafield>
  <datafield ind1=" " ind2=" " tag="991">
    <subfield code="b">c-GenColl</subfield>
    <subfield code="h">TX725</subfield>
    <subfield code="i">.G5</subfield>
    <subfield code="t">Copy 1</subfield>
    <subfield code="w">PREM</subfield>
  </datafield>
  <datafield ind1=" " ind2=" " tag="991">
    <subfield code="b">c-RareBook</subfield>
    <subfield code="h">TX725</subfield>
    <subfield code="i">.G5</subfield>
    <subfield code="t">Copy 2</subfield>
    <subfield code="m">Bitting Coll</subfield>
    <subfield code="w">PREM</subfield>
  </datafield>
  <datafield ind1=" " ind2=" " tag="991">
    <subfield code="b">c-RareBook</subfield>
    <subfield code="h">TX725</subfield>
    <subfield code="i">.G5</subfield>
    <subfield code="t">Copy 3</subfield>
    <subfield code="m">Bitting Coll</subfield>
    <subfield code="w">PREM</subfield>
  </datafield>
</record>
